00663nam a2200181 a 450000100100000000500170001000800410002704000250006804100130009310000270010624501180013324600260025126000530027730000200033004900090035095201050035999900170046400002676520200930030411.0110325s1942 dr 000 0 spa d aDO-SdBNPbspacBNPHU17aspa2eng1 aMuller, Richard95387113aEl baño de Anacaona "o" los tres ojos de agua =The bath of Anacaona or Los tres ojos de agua /cRichard Muller.10aLos tres ojos de agua aSanto Domingo :bEditorial Casa Montalvo,c1942. a40 p. ;c22 cm. aBNPD 0010718PDaPDbPDcCTd2011-03-25iLF1l0o p26765-10r2020-06-25w2020-06-25yLFPDZNo se presta c26257d26257